000 00301nam a22001337a 4500
008 170921b xxu||||| |||| 00| 0 eng d
020 _a0136078478
041 _aeng
080 _a78
100 _a45
101 _aMUZ
245 _aMUSIC THEORY THROUGH LITERATURE
_cBAUR.J
942 _2udc
_cBK
999 _c28748
_d28748